Normal view
MARC view
Entry Personal Name
001 - CONTROL NUMBER
- control field: 34885
003 - CONTROL NUMBER IDENTIFIER
- control field: dpl
005 - DATE AND TIME OF LATEST TRANSACTION
- control field: 20110926152559.0
008 - FIXED-LENGTH DATA ELEMENTS
- fixed length control field: 110926|||a|||||| | ||| d
040 ## - CATALOGING SOURCE
- Original cataloging agency: dpl
- Transcribing agency: dpl
100 ## - HEADING--PERSONAL NAME
- Personal name: Kotler, Philip
670 ## - SOURCE DATA FOUND
- Source citation: Work cat.: (dpl): Kotler, Philip, Marketing mangement /, 2009
670 ## - SOURCE DATA FOUND
- Source citation: Work cat.: (dpl): Kotler, Philip, Marketing mangement /, 2009
